Ferdinand I. Habsburský v německých a rakouských reáliích
Ferdinand I., 1503 - 1564, cisár Svätej ríše rímskej národa nemeckého, uhorský a český kráľ - štátník celoeurópskeho významu. Jeho význam pre strednú Európu i Bratislavu.
Salvato in:
| Autore principale: | |
|---|---|
| Natura: | Capitolo di libro |
| Lingua: | ceco |
| Soggetti: | |
| Tags: |
Nessun Tag, puoi essere il primo ad aggiungerne!!
|
MARC
| LEADER | 00000nla a2200000 4500 | ||
|---|---|---|---|
| 001 | 0216438 | ||
| 005 | 20240502073615.8 | ||
| 041 | 0 | |a cze | |
| 044 | |a SK | ||
| 245 | 1 | 0 | |a Ferdinand I. Habsburský v německých a rakouských reáliích |c Tomas Maier |
| 520 | |a Ferdinand I., 1503 - 1564, cisár Svätej ríše rímskej národa nemeckého, uhorský a český kráľ - štátník celoeurópskeho významu. Jeho význam pre strednú Európu i Bratislavu. | ||
| 610 | 2 | 0 | |a história |
| 610 | 2 | 0 | |a reálie |
| 610 | 2 | 0 | |a stredná Európa |
| 100 | 1 | |a Maier, Tomas, 1965- | |